000 00248 a2200109 4500
001 50776
040 _cAnchieta - Pituba
240 1 0 _aA ilustre casa de Ramires
_l
245 1 0 _aA ilustre casa de Ramires
650 4 _aFicção portuguesa
942 _cMU
999 _c50776
_d50776